| 000 | 00689cam a2200241 4500 | ||
|---|---|---|---|
| 001 | B2573 | ||
| 008 | 090401t1989 xxu||||| |||| 00| 0 eng d | ||
| 035 | _a(Sirsi) u50932 | ||
| 041 | _aeng | ||
| 050 | _a333.335 | ||
| 090 | _aRICS 1989/59A | ||
| 110 |
_aRoyal Institution of Chartered Surveyors _94900 |
||
| 245 | _aPropriete a la campagne: la fonction de l`expert immobilier | ||
| 260 |
_aLondon _bRoyal Institution of Chartered Surveyors _c1989 |
||
| 300 | _a1 folded sheet (6p.) ; 21x10cm. | ||
| 350 | _a0 | ||
| 520 | _aText in french. | ||
| 650 | _aABOUT RICS-RICS MEMBERS | ||
| 650 | _aESTATE MANAGEMENT | ||
| 650 | _aRURAL PRACTICE | ||
| 942 | _n0 | ||
| 948 | _c04/03/1997 | ||
| 999 |
_c92775 _d92775 |
||